Govt. of
Madhya Pradesh

मछली का परिचय (Record no. 10317)

MARC details
000 -LEADER
fixed length control field 004760000a22001570004500
003 - CONTROL NUMBER IDENTIFIER
control field MACL
005 - DATE AND TIME OF LATEST TRANSACTION
control field 20170919165214.0
008 - FIXED-LENGTH DATA ELEMENTS--GENERAL INFORMATION
fixed length control field 170919b xxu||||| |||| 00| 0 eng d
040 ## - CATALOGING SOURCE
Original cataloging agency MACL
Transcribing agency MACL
100 ## - MAIN ENTRY--PERSONAL NAME
Personal name डा ऋषि मोहन
9 (RLIN) 69171
245 ## - TITLE STATEMENT
Title मछली का परिचय
260 ## - PUBLICATION, DISTRIBUTION, ETC. (IMPRINT)
Name of publisher, distributor, etc. अनमोल साहित्‍य
Date of publication, distribution, etc. 2002
Place of publication, distribution, etc. दिल्‍ली
350 ## - PRICE (NR) (BK AM CF MU VM SE) [OBSOLETE]
Price 40
650 ## - SUBJECT ADDED ENTRY--TOPICAL TERM
Topical term or geographic name as entry element बाल कक्ष
9 (RLIN) 69170
942 ## - ADDED ENTRY ELEMENTS (KOHA)
Koha item type Hindi Books
Call number prefix 741.642
Source of classification or shelving scheme
Holdings
Withdrawn status Lost status Source of classification or shelving scheme Damaged status Not for loan Home library Current library Date acquired Cost, normal purchase price Total Checkouts Full call number Barcode Date last seen Date last checked out Uniform Resource Identifier Price effective from Koha item type
          MACL MACL 15/04/2015 40.00 1 741.642 CRH014804 25/11/2016 16/09/2016 10201 15/04/2015 Hindi Books